00787nam a22002297a 450000500170000001000130001702000100003003500130004003700160005304000120006908200160008110000240009724500570012126000430017827000580022130000250027965000320030465000320033694200250036899900190039395201450041220170124110248.0 aA-363843 c00.00 aA-363843 bCen Lib/Ret aDPLbEN a001.42bVER aVerma, R.K. 997955 aMethodology techniques of research /cby R.K. Verma  aNew Delhi bEss Ess Publicationsc2002 bNew Delhi a4837/24, Ansari road, dariyaganj e110002 aii, 135p. c21cm(Hb) aResearch methodology997956 aResearch techniques 997957 2ddccENh001.42mVER c135659d135659 04104070aLbLd2015-10-07eCen Lib/Retg0.00l0o001.42 VERpA-363843r2015-10-07 00:00:00t1v0.00w2015-10-07yENzW/d list no. 6801/11